00551 2200193 4500001002100000005001500021035002000036245009600056100002200152250000600174300003700180700002100217260004400238082001000282084001600292020001800308650001400326990001700340INLIS00000000000090620190316042819 a0010-03190001191 aDibalik Kegiatan Kelelawar di Malam Hari /cIr. Ibnu Maryanto; Ilustrator, Ir Wahyu Handoko0 aIr. Ibnu Maryanto a- aviii, 64 hlm. :bIlus. ;c21 cm.0 aIr Wahyu Handoko aJakarta :bPT Musi Perkasa Utama,c2005 a599.4 a599.4 IBN d a979-651-241-6 aKelelawar a03268/H/2018